[Event "Madrid-chT 2324"]
[Site "Madrid"]
[Date "2024.02.17"]
[Round "10.3"]
[White "Ruperez Benito, Antonio"]
[Black "Mkrtchyan, Levon"]
[Result "1-0"]
[WhiteElo "2318"]
[BlackElo "2255"]
[PlyCount "97"]
[EventDate "2023.11.19"]
[EventType "team-tourn"]
[EventRounds "14"]
[EventCountry "ESP"]
[SourceTitle "AjedrezenMadrid"]
[Source "lmi"]
[SourceDate "2023.11.19"]
[SourceVersion "1"]
[SourceVersionDate "2024.03.19"]
[SourceQuality "1"]
[WhiteTeam "Villalba 64"]
[BlackTeam "Tajamar"]
[WhiteTeamCountry "ESP"]
[BlackTeamCountry "ESP"]

1. e4 e6 2. b3 d5 3. Bb2 Nf6 4. e5 Nfd7 5. Qg4 c5 6. f4 Nc6 7. Nf3 g6 8. Be2
Bg7 9. c3 a5 10. Na3 O-O 11. h4 h5 12. Qh3 f5 13. Qg3 Ne7 14. Nb5 a4 15. O-O
Qb6 16. d4 Ra5 17. bxa4 Rxa4 18. Rfb1 Qa5 19. a3 Nb8 20. Nd6 Qc7 21. Bb5 Bd7
22. Bxa4 Bxa4 23. Bc1 b6 24. dxc5 Qxc5+ 25. Qf2 Qxc3 26. Qd4 Qc2 27. Rb2 Qc6
28. Rxb6 Qc2 29. Ne1 Qe2 30. Qd2 Qg4 31. Nf3 Nd7 32. Rb4 Bc6 33. Rd4 Ba8 34.
Qf2 g5 35. hxg5 h4 36. Bb2 h3 37. Nh2 Qh5 38. Qf3 Qg6 39. Rc1 Nxe5 40. fxe5
Bxe5 41. Qxh3 Qg7 42. Nb5 Nc6 43. Nf3 Nxd4 44. Nbxd4 Bf4 45. Re1 Rb8 46. Nxe6
Qxb2 47. Nxf4 d4 48. Nh5 Bxf3 49. Nf6+ 1-0

[Event "Madrid-chT 2324"]
[Site "Madrid"]
[Date "2024.02.17"]
[Round "10.4"]
[White "Rodriguez Avila, Alvaro"]
[Black "Garcia Luengo, Leandro"]
[Result "0-1"]
[WhiteElo "2186"]
[BlackElo "2282"]
[PlyCount "76"]
[EventDate "2023.11.19"]
[EventType "team-tourn"]
[EventRounds "14"]
[EventCountry "ESP"]
[SourceTitle "AjedrezenMadrid"]
[Source "lmi"]
[SourceDate "2023.11.19"]
[SourceVersion "1"]
[SourceVersionDate "2024.03.19"]
[SourceQuality "1"]
[WhiteTeam "Tajamar"]
[BlackTeam "Villalba 64"]
[WhiteTeamCountry "ESP"]
[BlackTeamCountry "ESP"]

1. e4 d5 2. exd5 Nf6 3. d4 Bg4 4. Nf3 Qxd5 5. Nc3 Qd8 6. Be2 e6 7. O-O Nbd7 8.
d5 e5 9. Re1 Be7 10. h3 Bxf3 11. Bxf3 O-O 12. a3 Ne8 13. Be2 Nd6 14. Bd2 f5 15.
Rc1 Bh4 16. Nb5 Ne4 17. g3 Be7 18. Bc4 Kh8 19. Nc3 Nxd2 20. Qxd2 e4 21. Rcd1
Ne5 22. Be2 a6 23. Kh1 Bc5 24. Rf1 Qf6 25. h4 Rad8 26. f4 exf3 27. Bxf3 Nc4 28.
Qf4 Ne3 29. Na4 Ba7 30. Rfe1 Nxd1 31. Rxd1 Bb8 32. Kg2 c6 33. Qd2 f4 34. Nc5
fxg3 35. Qd3 cxd5 36. Nxb7 Qb6 37. Rd2 Qxb7 38. c4 Qe7 0-1

[Event "Madrid-chT 2324"]
[Site "Madrid"]
[Date "2024.02.17"]
[Round "10.5"]
[White "Amador Garcia, Ismael"]
[Black "Rodriguez Lopez, David"]
[Result "1/2-1/2"]
[WhiteElo "2244"]
[BlackElo "2176"]
[PlyCount "88"]
[EventDate "2023.11.19"]
[EventType "team-tourn"]
[EventRounds "14"]
[EventCountry "ESP"]
[SourceTitle "AjedrezenMadrid"]
[Source "lmi"]
[SourceDate "2023.11.19"]
[SourceVersion "1"]
[SourceVersionDate "2024.03.19"]
[SourceQuality "1"]
[WhiteTeam "Villalba 64"]
[BlackTeam "Tajamar"]
[WhiteTeamCountry "ESP"]
[BlackTeamCountry "ESP"]

1. e4 e5 2. Nf3 Nc6 3. Bc4 Bc5 4. d3 Nf6 5. Nc3 a6 6. Bg5 h6 7. Bxf6 Qxf6 8.
Nd5 Qd8 9. c3 d6 10. d4 Ba7 11. dxe5 dxe5 12. Qe2 Bc5 13. O-O-O Bd6 14. Ne3 Qf6
15. Bd5 Ne7 16. Nc4 Nxd5 17. Rxd5 Bg4 18. Rhd1 O-O-O 19. Qd3 Be7 20. Ncxe5 Be6
21. Rxd8+ Rxd8 22. Qe3 Rxd1+ 23. Kxd1 Bxa2 24. Kc2 Qe6 25. Nd3 Bb3+ 26. Kd2 Qg4
27. Qa7 Qxg2 28. Qa8+ Kd7 29. Qxb7 Bg5+ 30. Nxg5 Qxg5+ 31. f4 Qg2+ 32. Ke3 Qg1+
33. Nf2 Qe1+ 34. Kf3 Bd1+ 35. Kg2 Be2 36. Qd5+ Ke7 37. e5 h5 38. h4 Qf1+ 39.
Kg3 Qg1+ 40. Qg2 Qc1 41. Qc6 Qg1+ 42. Qg2 Qc1 43. Qc6 Qg1+ 44. Qg2 Qc1 1/2-1/2

[Event "Madrid-chT 2324"]
[Site "Madrid"]
[Date "2024.02.17"]
[Round "10.6"]
[White "Zaragoza Alanis, Miguel Arnulfo"]
[Black "Perdomo Araujo, Angel Eduardo"]
[Result "1-0"]
[WhiteElo "2098"]
[BlackElo "1957"]
[PlyCount "121"]
[EventDate "2023.11.19"]
[EventType "team-tourn"]
[EventRounds "14"]
[EventCountry "ESP"]
[SourceTitle "AjedrezenMadrid"]
[Source "lmi"]
[SourceDate "2023.11.19"]
[SourceVersion "1"]
[SourceVersionDate "2024.03.19"]
[SourceQuality "1"]
[WhiteTeam "Tajamar"]
[BlackTeam "Villalba 64"]
[WhiteTeamCountry "ESP"]
[BlackTeamCountry "ESP"]

1. e4 d5 2. exd5 Qxd5 3. Nc3 Qd6 4. Nf3 Nf6 5. Bc4 Bg4 6. d4 c6 7. O-O e6 8. h3
Bh5 9. g4 Bg6 10. Ne5 Nbd7 11. Bf4 Nxe5 12. dxe5 Qxd1 13. Raxd1 Nd5 14. Nxd5
exd5 15. Bb3 Bc5 16. Kg2 h5 17. Rfe1 O-O 18. f3 a5 19. a4 Rfe8 20. c3 Re6 21.
Be3 Bxe3 22. Rxe3 Re7 23. Kg3 Rae8 24. Rde1 Kf8 25. Kf4 Rd8 26. Rd1 Rde8 27.
Rde1 Rd8 28. Kg5 hxg4 29. hxg4 Bh7 30. f4 Be4 31. R1e2 Re6 32. Bc2 Rg6+ 33. Kh4
Bxc2 34. Rxc2 Ke7 35. g5 c5 36. Kg4 Rc6 37. Rd2 g6 38. f5 gxf5+ 39. Kxf5 Rg6
40. Rh3 Rdg8 41. Rh5 Rd8 42. Rh6 Rdg8 43. Rxd5 Rxg5+ 44. Ke4 Rg4+ 45. Kd3 Rxa4
46. Rxc5 Rg3+ 47. Kc2 Rg6 48. Rh8 Rc6 49. Rb5 b6 50. Rb8 Re4 51. Rb7+ Ke8 52.
Kd3 Re1 53. Kd2 Re4 54. Kd3 Re1 55. Kd4 Rd1+ 56. Ke4 Re1+ 57. Kd5 Re6 58. R5xb6
R1xe5+ 59. Kd4 Re4+ 60. Kd3 Re3+ 61. Kc4 1-0

[Event "Madrid-chT 2324"]
[Site "Madrid"]
[Date "2024.02.17"]
[Round "10.1"]
[White "Taboas Rodriguez, Daniel"]
[Black "Plazuelo Pascual, Juan"]
[Result "1/2-1/2"]
[WhiteElo "2360"]
[BlackElo "2431"]
[PlyCount "39"]
[EventDate "2023.11.19"]
[EventType "team-tourn"]
[EventRounds "14"]
[EventCountry "ESP"]
[SourceTitle "AjedrezenMadrid"]
[Source "lmi"]
[SourceDate "2023.11.19"]
[SourceVersion "1"]
[SourceVersionDate "2024.03.19"]
[SourceQuality "1"]
[WhiteTeam "Blanco y Negro"]
[BlackTeam "Alcorcon Diagonal"]
[WhiteTeamCountry "ESP"]
[BlackTeamCountry "ESP"]

1. d4 Nf6 2. Nf3 e6 3. Bg5 h6 4. Bh4 g5 5. Bg3 Nh5 6. e4 d6 7. Nc3 Bg7 8. Qd2
Nxg3 9. hxg3 g4 10. Nh4 a6 11. O-O-O Qg5 12. f4 gxf3 13. gxf3 Qxd2+ 14. Rxd2
Nc6 15. d5 Ne7 16. Bc4 Bd7 17. f4 O-O-O 18. Rg1 Rde8 19. dxe6 fxe6 20. Bf1
1/2-1/2

[Event "Madrid-chT 2324"]
[Site "Madrid"]
[Date "2024.02.17"]
[Round "10.2"]
[White "Sanz Wawer, Daniel"]
[Black "Martinez Reyes, Pedro Ramon"]
[Result "1-0"]
[WhiteElo "2397"]
[BlackElo "2343"]
[PlyCount "67"]
[EventDate "2023.11.19"]
[EventType "team-tourn"]
[EventRounds "14"]
[EventCountry "ESP"]
[SourceTitle "AjedrezenMadrid"]
[Source "lmi"]
[SourceDate "2023.11.19"]
[SourceVersion "1"]
[SourceVersionDate "2024.03.19"]
[SourceQuality "1"]
[WhiteTeam "Alcorcon Diagonal"]
[BlackTeam "Villalba 64"]
[WhiteTeamCountry "ESP"]
[BlackTeamCountry "ESP"]

1. d4 Nf6 2. Nf3 e6 3. e3 b6 4. Bd3 Bb7 5. O-O Be7 6. c4 O-O 7. Nbd2 d5 8. b3
Nbd7 9. Bb2 a5 10. Qc2 c5 11. e4 dxe4 12. Nxe4 h6 13. Rad1 Qc7 14. Rfe1 Rfe8
15. dxc5 bxc5 16. Qe2 Nxe4 17. Bxe4 Nf6 18. Bb1 Red8 19. Ne5 Rxd1 20. Rxd1 Rd8
21. Re1 Bd6 22. h4 Kf8 23. Bc3 Ba8 24. f3 Bb7 25. Qe3 Kg8 26. Bc2 Bf8 27. Re2
Bd6 28. g4 Bxe5 29. Bxe5 Qc6 30. Bxf6 gxf6 31. Qxh6 f5 32. gxf5 Qxf3 33. Qg5+
Kh7 34. f6+ 1-0

[Event "Madrid-chT 2324"]
[Site "Madrid"]
[Date "2024.02.17"]
[Round "10.3"]
[White "Hidalgo Duque, Carlos"]
[Black "Rey Martinez, Jaime"]
[Result "1/2-1/2"]
[WhiteElo "2279"]
[BlackElo "2337"]
[PlyCount "66"]
[EventDate "2023.11.19"]
[EventType "team-tourn"]
[EventRounds "14"]
[EventCountry "ESP"]
[SourceTitle "AjedrezenMadrid"]
[Source "lmi"]
[SourceDate "2023.11.19"]
[SourceVersion "1"]
[SourceVersionDate "2024.03.19"]
[SourceQuality "1"]
[WhiteTeam "Blanco y Negro"]
[BlackTeam "Alcorcon Diagonal"]
[WhiteTeamCountry "ESP"]
[BlackTeamCountry "ESP"]

1. d4 d5 2. Nf3 Nf6 3. e3 e6 4. Bd3 c5 5. c3 Nc6 6. Nbd2 Bd6 7. O-O O-O 8. dxc5
Bxc5 9. e4 Qc7 10. Qe2 Nh5 11. Nb3 Bd6 12. exd5 exd5 13. h3 Nf4 14. Bxf4 Bxf4
15. Bc2 Be6 16. Nbd4 Rae8 17. Qd3 g6 18. Rfe1 Na5 19. Re2 Nc4 20. Bb3 Bd7 21.
Rae1 Rd8 22. Qc2 Qc5 23. Rd1 b5 24. Ne1 Bb8 25. Qc1 Rfe8 26. Rxe8+ Rxe8 27.
Nef3 a5 28. a3 Re4 29. Bc2 Bf4 30. Qa1 Re8 31. Bd3 Rb8 32. Nc2 Bc6 33. Bf1 Rc8
1/2-1/2

[Event "Madrid-chT 2324"]
[Site "Madrid"]
[Date "2024.02.17"]
[Round "10.4"]
[White "Esquivias Quintero, Luis Manuel"]
[Black "Renteria Becerra, Jorge Elicer"]
[Result "1/2-1/2"]
[WhiteElo "2278"]
[BlackElo "2211"]
[PlyCount "121"]
[EventDate "2023.11.19"]
[EventType "team-tourn"]
[EventRounds "14"]
[EventCountry "ESP"]
[SourceTitle "AjedrezenMadrid"]
[Source "lmi"]
[SourceDate "2023.11.19"]
[SourceVersion "1"]
[SourceVersionDate "2024.03.19"]
[SourceQuality "1"]
[WhiteTeam "Alcorcon Diagonal"]
[BlackTeam "Blanco y Negro"]
[WhiteTeamCountry "ESP"]
[BlackTeamCountry "ESP"]

1. e4 c5 2. Nf3 d6 3. d4 cxd4 4. Nxd4 Nf6 5. Nc3 a6 6. h3 e5 7. Nb3 h5 8. Be3
Be6 9. f4 Qc7 10. f5 Bc4 11. Bxc4 Qxc4 12. Qf3 h4 13. Bg5 Nbd7 14. Nd2 Qc6 15.
a4 Be7 16. a5 Qc7 17. Qd3 Rc8 18. Nf3 d5 19. exd5 Bb4 20. O-O Bxc3 21. Qxc3
Qxc3 22. bxc3 Nxd5 23. c4 Rxc4 24. Rad1 Rc5 25. c4 Ne7 26. Rd2 Nf6 27. Re1 Nc6
28. Bxh4 O-O 29. Bxf6 gxf6 30. Rd6 Rd8 31. Rxd8+ Nxd8 32. Rd1 Nc6 33. Rd7 Rxc4
34. Rxb7 Nxa5 35. Ra7 Rc6 36. Nd2 Kg7 37. g4 Rb6 38. Ne4 Nc4 39. Ng3 a5 40. h4
Ne3 41. g5 fxg5 42. hxg5 Nxf5 43. Nxf5+ Kg6 44. Ne3 Kxg5 45. Rxa5 f6 46. Kf2
Rb4 47. Ra8 Rb2+ 48. Kf3 Rb3 49. Rg8+ Kh5 50. Ke4 Rb4+ 51. Kf5 Rf4+ 52. Ke6 e4
53. Rg1 Rf3 54. Nf5 Ra3 55. Kxf6 Ra6+ 56. Ke5 e3 57. Nxe3 Ra5+ 58. Nd5 Rb5 59.
Ke4 Ra5 60. Nf6+ Kh6 61. Ng4+ 1/2-1/2

[Event "Madrid-chT 2324"]
[Site "Madrid"]
[Date "2024.02.17"]
[Round "10.5"]
[White "Alarcia Astiz, Carlos"]
[Black "Aguilera Lopez, Alejandro"]
[Result "1-0"]
[WhiteElo "2241"]
[BlackElo "2166"]
[PlyCount "51"]
[EventDate "2023.11.19"]
[EventType "team-tourn"]
[EventRounds "14"]
[EventCountry "ESP"]
[SourceTitle "AjedrezenMadrid"]
[Source "lmi"]
[SourceDate "2023.11.19"]
[SourceVersion "1"]
[SourceVersionDate "2024.03.19"]
[SourceQuality "1"]
[WhiteTeam "Blanco y Negro"]
[BlackTeam "Alcorcon Diagonal"]
[WhiteTeamCountry "ESP"]
[BlackTeamCountry "ESP"]

1. e4 c5 2. Nf3 e6 3. d4 cxd4 4. Nxd4 Nf6 5. Nc3 Nc6 6. Ndb5 Bb4 7. Nd6+ Ke7 8.
Nxc8+ Rxc8 9. Bd3 Bxc3+ 10. bxc3 Qa5 11. Bd2 Rhd8 12. O-O Ne5 13. Qe2 d6 14. f4
Nc4 15. Be1 e5 16. Kh1 b5 17. fxe5 dxe5 18. a4 a6 19. Bh4 Qc7 20. axb5 axb5 21.
Qf2 Qd6 22. Ra7+ Rd7 23. Rxd7+ Kxd7 24. Qg3 Nd2 25. Rd1 Nfxe4 26. Qe1 1-0

[Event "Madrid-chT 2324"]
[Site "Madrid"]
[Date "2024.02.17"]
[Round "10.6"]
[White "Castejon Caballero, Andres"]
[Black "Herranz Sanchez, Pablo"]
[Result "0-1"]
[WhiteElo "2052"]
[BlackElo "2086"]
[PlyCount "56"]
[EventDate "2023.11.19"]
[EventType "team-tourn"]
[EventRounds "14"]
[EventCountry "ESP"]
[SourceTitle "AjedrezenMadrid"]
[Source "lmi"]
[SourceDate "2023.11.19"]
[SourceVersion "1"]
[SourceVersionDate "2024.03.19"]
[SourceQuality "1"]
[WhiteTeam "Alcorcon Diagonal"]
[BlackTeam "Blanco y Negro"]
[WhiteTeamCountry "ESP"]
[BlackTeamCountry "ESP"]

1. e4 c5 2. Nf3 e6 3. d4 cxd4 4. Nxd4 Nf6 5. Bd3 Nc6 6. Nxc6 bxc6 7. O-O Qc7 8.
Re1 e5 9. Nd2 Be7 10. Nc4 O-O 11. Bd2 d6 12. f4 Rb8 13. h3 Ba6 14. Ba5 Qb7 15.
fxe5 dxe5 16. Nxe5 Qxb2 17. Nxc6 Bc5+ 18. Kh1 Rbc8 19. Bxa6 Rxc6 20. Bd3 Qe5
21. Bd2 Nh5 22. Be3 Bd6 23. Kg1 Qh2+ 24. Kf1 f5 25. Qxh5 fxe4+ 26. Bf2 exd3 27.
Qd5+ Kh8 28. Qxd3 Bc5 0-1

[Event "Madrid-chT 2324"]
[Site "Madrid"]
[Date "2024.02.18"]
[Round "10.1"]
[White "Reyes Larena, Juan"]
[Black "Moreno Ruiz, Javier"]
[Result "1/2-1/2"]
[WhiteElo "2436"]
[BlackElo "2397"]
[PlyCount "57"]
[EventDate "2023.11.19"]
[EventType "team-tourn"]
[EventRounds "14"]
[EventCountry "ESP"]
[SourceTitle "AjedrezenMadrid"]
[Source "lmi"]
[SourceDate "2023.11.19"]
[SourceVersion "1"]
[SourceVersionDate "2024.03.19"]
[SourceQuality "1"]
[WhiteTeam "San Sebastian de los Reyes"]
[BlackTeam "Mostoles"]
[WhiteTeamCountry "ESP"]
[BlackTeamCountry "ESP"]

1. e4 c5 2. Nf3 g6 3. d3 Bg7 4. g3 Nc6 5. Bg2 e5 6. Be3 d6 7. c3 Nge7 8. a3 O-O
9. b4 cxb4 10. axb4 b5 11. O-O h6 12. Na3 Rb8 13. Nc2 a5 14. Qd2 Kh7 15. d4
exd4 16. Nfxd4 axb4 17. cxb4 Ne5 18. Qe2 Bg4 19. f3 Bd7 20. Rfd1 Qc7 21. Na3
Qb7 22. Bf1 d5 23. Nb3 dxe4 24. Nc5 exf3 25. Qd2 Qc6 26. Nxd7 f2+ 27. Qxf2 Nxd7
28. Rac1 Qe6 29. Nxb5 1/2-1/2

[Event "Madrid-chT 2324"]
[Site "Madrid"]
[Date "2024.02.18"]
[Round "10.2"]
[White "Valles Moreno, Ivan"]
[Black "Rottenwohrer Suarez, Juan"]
[Result "1/2-1/2"]
[WhiteElo "2331"]
[BlackElo "2266"]
[PlyCount "146"]
[EventDate "2023.11.19"]
[EventType "team-tourn"]
[EventRounds "14"]
[EventCountry "ESP"]
[SourceTitle "AjedrezenMadrid"]
[Source "lmi"]
[SourceDate "2023.11.19"]
[SourceVersion "1"]
[SourceVersionDate "2024.03.19"]
[SourceQuality "1"]
[WhiteTeam "Mostoles"]
[BlackTeam "San Sebastian de los Reyes"]
[WhiteTeamCountry "ESP"]
[BlackTeamCountry "ESP"]

1. d4 Nf6 2. Nf3 e6 3. c4 d5 4. g3 Bb4+ 5. Bd2 Be7 6. Bg2 O-O 7. O-O Nbd7 8.
Qc2 c6 9. Bf4 a5 10. Nbd2 Nh5 11. Be3 b6 12. cxd5 cxd5 13. Ne5 Ba6 14. Nc6 Rc8
15. Rfc1 Qe8 16. Bf3 Nhf6 17. Bf4 Bb7 18. Nxe7+ Qxe7 19. Qb3 Ne4 20. Nxe4 dxe4
21. Bg2 Ba6 22. Qe3 f5 23. f3 Nf6 24. Bg5 exf3 25. Bxf3 h6 26. Bf4 Qd7 27. Qe5
Ng4 28. Qd6 Qxd6 29. Bxd6 Rfd8 30. Bc7 Rxd4 31. Bxb6 Rxc1+ 32. Rxc1 Rd2 33. h3
Ne5 34. Bxa5 Rxb2 35. Bc3 Nxf3+ 36. exf3 Rxa2 37. Ra1 Rc2 38. Rxa6 Rxc3 39.
Rxe6 Rxf3 40. Kg2 Rd3 41. h4 Kf7 42. Ra6 Rd4 43. Kf3 h5 44. Rb6 Rg4 45. Ra6 f4
46. gxf4 Rxh4 47. Ke3 Rg4 48. Kf3 Rg1 49. Kf2 Rb1 50. Kf3 g6 51. Rc6 Rb3+ 52.
Kg2 Re3 53. Kf2 Re6 54. Rc5 Kf6 55. Kf3 Ra6 56. Rb5 Ra3+ 57. Kf2 Kg7 58. Rb7+
Kh6 59. Rb6 Ra5 60. Kf3 Ra3+ 61. Ke4 Ra5 62. Kf3 Kg7 63. Ke4 Rf5 64. Rb8 h4 65.
Kf3 h3 66. Kg3 Rh5 67. Rb7+ Kf8 68. Rb2 Kg7 69. Rh2 Kf6 70. Rxh3 Rxh3+ 71. Kxh3
Kf5 72. Kg3 g5 73. fxg5 Kxg5 1/2-1/2

[Event "Madrid-chT 2324"]
[Site "Madrid"]
[Date "2024.02.18"]
[Round "10.3"]
[White "Alfaya Marcelo, Roberto"]
[Black "Beltran de Heredia Eguiaz, Miguel Angel"]
[Result "1-0"]
[WhiteElo "2315"]
[BlackElo "2219"]
[PlyCount "127"]
[EventDate "2023.11.19"]
[EventType "team-tourn"]
[EventRounds "14"]
[EventCountry "ESP"]
[SourceTitle "AjedrezenMadrid"]
[Source "lmi"]
[SourceDate "2023.11.19"]
[SourceVersion "1"]
[SourceVersionDate "2024.03.19"]
[SourceQuality "1"]
[WhiteTeam "San Sebastian de los Reyes"]
[BlackTeam "Mostoles"]
[WhiteTeamCountry "ESP"]
[BlackTeamCountry "ESP"]

1. d4 Nf6 2. c4 e6 3. Nf3 d5 4. e3 c5 5. a3 a6 6. dxc5 Bxc5 7. b4 Be7 8. Bb2
O-O 9. Nbd2 a5 10. b5 Nbd7 11. Be2 b6 12. Nd4 Bb7 13. Nc6 Bxc6 14. bxc6 Nc5 15.
O-O Rc8 16. cxd5 Nxd5 17. Bb5 a4 18. Nf3 Nc7 19. Bxa4 Qxd1 20. Bxd1 Nd5 21. Ne5
Bf6 22. Bf3 Bxe5 23. Bxe5 Rxc6 24. Rfd1 Nd7 25. Bxd5 exd5 26. Rxd5 Nxe5 27.
Rxe5 g6 28. g4 Ra8 29. Rb5 Rc3 30. Rxb6 Rcxa3 31. Rxa3 Rxa3 32. Rb5 Kg7 33. Kg2
h6 34. h4 Ra4 35. Kg3 Rc4 36. f4 Rc1 37. h5 Rg1+ 38. Kf3 Rf1+ 39. Kg2 Ra1 40.
hxg6 Kxg6 41. Rb6+ Kg7 42. Kf3 Ra4 43. Rb3 Rc4 44. e4 Rc1 45. e5 Rc4 46. Rb7
Kg8 47. Rd7 Rc3+ 48. Ke4 h5 49. g5 h4 50. Kf5 h3 51. Rd2 Rg3 52. Kf6 Rg2 53.
Rd8+ Kh7 54. Rd3 h2 55. Rh3+ Kg8 56. f5 Ra2 57. g6 Ra6+ 58. Kg5 fxg6 59. f6 Ra2
60. Kxg6 Rg2+ 61. Kf5 Ra2 62. e6 Ra5+ 63. Kg6 Ra2 64. f7+ 1-0

[Event "Madrid-chT 2324"]
[Site "Madrid"]
[Date "2024.02.18"]
[Round "10.4"]
[White "Moreno Ibanez, Miguel"]
[Black "Martinez Fernandez, Raul"]
[Result "1/2-1/2"]
[WhiteElo "2181"]
[BlackElo "2183"]
[PlyCount "109"]
[EventDate "2023.11.19"]
[EventType "team-tourn"]
[EventRounds "14"]
[EventCountry "ESP"]
[SourceTitle "AjedrezenMadrid"]
[Source "lmi"]
[SourceDate "2023.11.19"]
[SourceVersion "1"]
[SourceVersionDate "2024.03.19"]
[SourceQuality "1"]
[WhiteTeam "Mostoles"]
[BlackTeam "San Sebastian de los Reyes"]
[WhiteTeamCountry "ESP"]
[BlackTeamCountry "ESP"]

1. e4 e5 2. Bc4 Nf6 3. d3 Be7 4. Nc3 O-O 5. f4 exf4 6. e5 Ne8 7. Bxf4 c6 8. Qf3
d5 9. exd6 Nxd6 10. Bb3 Nf5 11. Nge2 Na6 12. O-O Nc5 13. Kh1 Nxb3 14. axb3 a6
15. Ne4 Nd4 16. Nxd4 Qxd4 17. Qg3 f6 18. Rae1 Bf5 19. Bd6 Bxd6 20. Nxd6 Bg6 21.
Re7 f5 22. Qe5 Qxe5 23. Rxe5 b6 24. g3 Rf6 25. Nxf5 Bxf5 26. Rfxf5 Rxf5 27.
Rxf5 Re8 28. Kg2 Re1 29. Rf2 c5 30. Kf3 Kf7 31. Re2 Rd1 32. Ke4 Ke6 33. c3 Kd6
34. Ke3 Kd5 35. Rd2 Re1+ 36. Kf2 Rb1 37. Re2 Kd6 38. Kf3 a5 39. h4 b5 40. Ke4
Rg1 41. Kf4 Rf1+ 42. Kg4 Rd1 43. Re8 Rd2 44. Rd8+ Ke7 45. Rb8 b4 46. Rb5 Rxb2
47. Rxc5 Rxb3 48. cxb4 axb4 49. Rc7+ Kf6 50. Rc6+ Ke7 51. Rc7+ Kf6 52. Rc6+ Ke7
53. Rb6 Rxd3 54. Rxb4 Rd5 55. Rb7+ 1/2-1/2

[Event "Madrid-chT 2324"]
[Site "Madrid"]
[Date "2024.02.18"]
[Round "10.5"]
[White "Fernandez Alvarez, Luis"]
[Black "Calvo Gonzalez, Jose Felix"]
[Result "1/2-1/2"]
[WhiteElo "2188"]
[BlackElo "2131"]
[PlyCount "82"]
[EventDate "2023.11.19"]
[EventType "team-tourn"]
[EventRounds "14"]
[EventCountry "ESP"]
[SourceTitle "AjedrezenMadrid"]
[Source "lmi"]
[SourceDate "2023.11.19"]
[SourceVersion "1"]
[SourceVersionDate "2024.03.19"]
[SourceQuality "1"]
[WhiteTeam "San Sebastian de los Reyes"]
[BlackTeam "Mostoles"]
[WhiteTeamCountry "ESP"]
[BlackTeamCountry "ESP"]

1. e4 c5 2. Nf3 d6 3. d4 cxd4 4. Nxd4 Nf6 5. Nc3 a6 6. Bg5 e6 7. f4 Be7 8. Qf3
Qc7 9. O-O-O Nbd7 10. Bd3 b5 11. Rhe1 Bb7 12. Qg3 b4 13. Nd5 exd5 14. e5 dxe5
15. fxe5 Nh5 16. Qh4 Bxg5+ 17. Qxg5 g6 18. e6 Qf4+ 19. Qxf4 Nxf4 20. exd7+ Kxd7
21. Rf1 Nxd3+ 22. Rxd3 f5 23. g4 Raf8 24. Rdf3 Bc8 25. gxf5 gxf5 26. Rxf5 Rxf5
27. Rxf5 Kd6 28. Rh5 h6 29. Kd2 Bg4 30. Rh4 h5 31. h3 Bd7 32. Ne2 a5 33. Nf4
Bf5 34. Rxh5 Rxh5 35. Nxh5 Bxh3 36. Nf4 Bf5 37. Ne2 Kc5 38. Nc1 Kc4 39. Ne2 Kc5
40. Nc1 Kc4 41. Ne2 Kc5 1/2-1/2

[Event "Madrid-chT 2324"]
[Site "Madrid"]
[Date "2024.02.18"]
[Round "10.6"]
[White "Guillo Longares, Cecilia"]
[Black "Quevedo Marin, Manuel"]
[Result "1/2-1/2"]
[WhiteElo "2093"]
[BlackElo "2121"]
[PlyCount "49"]
[EventDate "2023.11.19"]
[EventType "team-tourn"]
[EventRounds "14"]
[EventCountry "ESP"]
[SourceTitle "AjedrezenMadrid"]
[Source "lmi"]
[SourceDate "2023.11.19"]
[SourceVersion "1"]
[SourceVersionDate "2024.03.19"]
[SourceQuality "1"]
[WhiteTeam "Mostoles"]
[BlackTeam "San Sebastian de los Reyes"]
[WhiteTeamCountry "ESP"]
[BlackTeamCountry "ESP"]

1. d4 Nf6 2. c4 e6 3. Nf3 d5 4. cxd5 exd5 5. Nc3 Bb4 6. Bg5 Qd6 7. Bxf6 Qxf6 8.
Qb3 Qb6 9. e3 c6 10. Bd3 Bg4 11. Ne5 Be6 12. O-O Bd6 13. Na4 Qxb3 14. axb3 f6
15. Nf3 Nd7 16. Rfc1 O-O 17. Rc2 Rae8 18. Nc5 Nxc5 19. dxc5 Bb8 20. Nd4 Bd7 21.
h4 Re5 22. Ra4 Bc8 23. Rb4 Bc7 24. Ra4 a6 25. g3 1/2-1/2

[Event "Madrid-chT 2324"]
[Site "Madrid"]
[Date "2024.02.18"]
[Round "10.1"]
[White "Fernandez Blazquez, Diego"]
[Black "Vazquez Igarza, Renier"]
[Result "1/2-1/2"]
[WhiteElo "2236"]
[BlackElo "2517"]
[PlyCount "99"]
[EventDate "2023.11.19"]
[EventType "team-tourn"]
[EventRounds "14"]
[EventCountry "ESP"]
[SourceTitle "AjedrezenMadrid"]
[Source "lmi"]
[SourceDate "2023.11.19"]
[SourceVersion "1"]
[SourceVersionDate "2024.03.19"]
[SourceQuality "1"]
[WhiteTeam "San Fernando de Henares"]
[BlackTeam "Collado Villalba"]
[WhiteTeamCountry "ESP"]
[BlackTeamCountry "ESP"]

1. Nf3 Nf6 2. c4 c5 3. b3 g6 4. Bb2 Bg7 5. g3 d6 6. Bg2 e5 7. Nc3 Nc6 8. O-O
O-O 9. d3 Rb8 10. Ne1 Nd4 11. Nc2 Nf5 12. e3 Re8 13. d4 exd4 14. exd4 Bd7 15.
dxc5 dxc5 16. Re1 Rxe1+ 17. Qxe1 Qc7 18. Rd1 Re8 19. Qd2 Bc6 20. Nd5 Nxd5 21.
cxd5 Bxd5 22. Qxd5 Bxb2 23. Qxb7 Qxb7 24. Bxb7 Re2 25. Ne3 Bd4 26. Nxf5 gxf5
27. a4 Rb2 28. Bd5 Bxf2+ 29. Kh1 Kg7 30. Bc4 Bd4 31. Re1 Kf6 32. Re2 Rb1+ 33.
Kg2 h5 34. Re8 Rc1 35. Rf8 Kg6 36. Rg8+ Kf6 37. Rf8 Rc2+ 38. Kh1 h4 39. Rxf7+
Kg6 40. Be6 Rc1+ 41. Kg2 Rg1+ 42. Kh3 hxg3 43. hxg3 Be5 44. Rxf5 Rxg3+ 45. Kh4
Re3 46. Kg4 Bd6 47. Bf7+ Kg7 48. Bc4 Kg6 49. Bf7+ Kg7 50. Bc4 1/2-1/2

[Event "Madrid-chT 2324"]
[Site "Madrid"]
[Date "2024.02.18"]
[Round "10.2"]
[White "Quispe Arteaga, Gabriel"]
[Black "Perez Gonzalez, Jose Manuel"]
[Result "1-0"]
[WhiteElo "2388"]
[BlackElo "2186"]
[PlyCount "63"]
[EventDate "2023.11.19"]
[EventType "team-tourn"]
[EventRounds "14"]
[EventCountry "ESP"]
[SourceTitle "AjedrezenMadrid"]
[Source "lmi"]
[SourceDate "2023.11.19"]
[SourceVersion "1"]
[SourceVersionDate "2024.03.19"]
[SourceQuality "1"]
[WhiteTeam "Collado Villalba"]
[BlackTeam "San Fernando de Henares"]
[WhiteTeamCountry "ESP"]
[BlackTeamCountry "ESP"]

1. c4 c5 2. Nf3 g6 3. h4 Nf6 4. Nc3 Bg7 5. d3 Nc6 6. g3 O-O 7. Bg2 d5 8. cxd5
Nxd5 9. Bd2 Nxc3 10. Bxc3 Nd4 11. Qd2 Be6 12. h5 Bd5 13. e4 Bc6 14. Nxd4 cxd4
15. Bb4 Re8 16. hxg6 hxg6 17. O-O Rc8 18. Bf3 Qd7 19. Kg2 Rc7 20. Rh1 Bb5 21.
Rh2 Rec8 22. Rah1 Rc2 23. Qg5 R8c7 24. Rh7 Bxd3 25. Rxg7+ Kxg7 26. Qh6+ Kf6 27.
Qh8+ Ke6 28. Bg4+ f5 29. Bxf5+ gxf5 30. Rh6+ Kf7 31. Qh7+ Kf8 32. Rf6+ 1-0